Religión primitiva. (Record no. 178302)

MARC details
000 -LEADER
campo de control de longitud fija 00639nam a22002055i 4500
001 - NÚMERO DE CONTROL
campo de control 178302
003 - IDENTIFICADOR DE NÚMERO DE CONTROL
campo de control ES-MaACL
005 - FECHA Y HORA DE LA ÚLTIMA TRANSACCIÓN
campo de control 20250728115102.0
008 - DATOS DE LONGITUD FIJA--INFORMACIÓN GENERAL
campo de control de longitud fija 110525s1969 sp |||| | spa d
080 ## - NÚMERO DE LA CLASIFICACIÓN DECIMAL UNIVERSAL
Número de la Clasificación Decimal Universal 2(091)
245 00 - MENCIÓN DEL TÍTULO
Título Religión primitiva.
260 ## - PUBLICACIÓN, DISTRIBUCIÓN, ETC.
Lugar de publicación, distribución, etc. Madrid :
Nombre del editor, distribuidor, etc. Delblan,
Fecha de publicación, distribución, etc. D. L. 1969.
300 ## - DESCRIPCIÓN FÍSICA
Extensión 16 p. ;
Dimensiones 16 cm.
490 1# - MENCIÓN DE SERIE
Mención de serie Mosaico cultural. 6. Religiones y sectas ;
Designación de volumen o secuencia 3
500 ## - NOTA GENERAL
Nota general Encuadernado con otros títulos.
650 04 - PUNTO DE ACCESO ADICIONAL DE MATERIA--TÉRMINO DE MATERIA
Término de materia o nombre geográfico como elemento de entrada Religiones-
Subdivisión general Historia
9 (RLIN) 16823
830 00 - PUNTO DE ACCESO ADICIONAL DE SERIE-TÍTULO UNIFORME
Título uniforme Mosaico cultural.
Nombre de parte o sección de la obra Religiones y sectas
Designación de volumen o secuencia 3
9 (RLIN) 224281
852 ## - LOCALIZACIÓN
Ubicación ES-MaACL
Número de control de estantería E-15193 (3)
Encuadernación Olim P-1923
Holdings
Estatus retirado Estado de pérdida Estado de daño No para préstamo Biblioteca de origen Biblioteca actual Ubicación en estantería Fecha de adquisición Fuente de adquisición Total de préstamos Signatura topográfica completa Código de barras Visto por última vez Precio de reemplazo Tipo de ítem Koha
        Biblioteca del Ateneo de Madrid Biblioteca del Ateneo de Madrid Depósito 2 25/05/2011     E-15193 (3) 1187297 23/02/2023 23/02/2023 Libro impreso